Price theory: principles and application (Record no. 503952)

000 -LEADER
fixed length control field 00451cam a22001457a 4500
008 - FIXED-LENGTH DATA ELEMENTS--GENERAL INFORMATION
fixed length control field 180718b1993 xxu||||| |||| 00| 0 eng d
082 ## - DEWEY DECIMAL CLASSIFICATION NUMBER
Classification number T123 Ag81p
100 ## - MAIN ENTRY--PERSONAL NAME
Personal name Agarwal, O.M and Narayanan, R.
245 ## - TITLE STATEMENT
Title Price theory: principles and application
Statement of responsibility, etc. by O.M. Agarwal and R. Narayanan
260 ## - PUBLICATION, DISTRIBUTION, ETC.
Place of publication, distribution, etc. New Delhi
Name of publisher, distributor, etc. Har-anand publication
Date of publication, distribution, etc. 1993
300 ## - PHYSICAL DESCRIPTION
Extent 434p.
650 ## - SUBJECT ADDED ENTRY--TOPICAL TERM
Topical term or geographic name entry element Business, Management and Accounting
650 ## - SUBJECT ADDED ENTRY--TOPICAL TERM
Topical term or geographic name entry element Income
650 ## - SUBJECT ADDED ENTRY--TOPICAL TERM
Topical term or geographic name entry element Prices
Holdings
Withdrawn status Lost status Damaged status Not for loan Permanent Location Current Location Date acquired Full call number Barcode Date last seen Price effective from Koha item type
        Indian Institute of Public Administration Indian Institute of Public Administration 2018-08-04 T123 Ag81p GR20334 2018-08-04 2018-08-04 GR

Powered by Koha